| 000 | 01074nam a2200289Ia 4500 | ||
|---|---|---|---|
| 001 | ebr10173818 | ||
| 003 | CaPaEBR | ||
| 006 | m u | ||
| 007 | cr cn||||||||| | ||
| 008 | 030311s2007 enka s 001 0 eng d | ||
| 020 | _z9781859591567 | ||
| 040 |
_aCaPaEBR _cCaPaEBR |
||
| 035 | _a(OCoLC)228169984 | ||
| 050 | 1 | 4 |
_aRC862.I77 _bS46 2007eb |
| 100 | 1 | _aShmueli, Udi. | |
| 245 | 1 | 0 |
_aIrritable bowel syndrome _h[electronic resource] : _banswers at your fingertips / _cUdi Shmueli. |
| 260 |
_aLondon : _bClass, _c2007. |
||
| 300 |
_axiv, 348 p. : _bill. |
||
| 500 | _aIncludes index. | ||
| 533 |
_aElectronic reproduction. _bPalo Alto, Calif. : _cebrary, _d2012. _nAvailable via World Wide Web. _nAccess may be limited to ebrary affiliated libraries. |
||
| 650 | 0 | _aIrritable colon. | |
| 650 | 0 |
_aColon (Anatomy) _xDiseases. |
|
| 655 | 7 |
_aElectronic books. _2local |
|
| 700 | 1 | _aClough, Joanne. | |
| 710 | 2 | _aebrary, Inc. | |
| 856 | 4 | 0 |
_uhttp://site.ebrary.com/lib/rucke/Doc?id=10173818 _zAn electronic book accessible through the World Wide Web; click to view |
| 999 |
_c138108 _d138108 |
||